Ses vies d’Afrique, François-David Sebbah. Éditions Manucius, 2025, 146 p., 13 € (notice n° 2056807)

détails MARC
000 -LEADER
fixed length control field 00850cam a2200157 4500500
005 - DATE AND TIME OF LATEST TRANSACTION
control field 20260405002335.0
041 ## - LANGUAGE CODE
Language code of text/sound track or separate title fre
042 ## - AUTHENTICATION CODE
Authentication code dc
100 10 - MAIN ENTRY--PERSONAL NAME
Personal name Rogozinski, Jacob
Relator term author
245 00 - TITLE STATEMENT
Title Ses vies d’Afrique, François-David Sebbah. Éditions Manucius, 2025, 146 p., 13 €
260 ## - PUBLICATION, DISTRIBUTION, ETC.
Date of publication, distribution, etc. 2026.<br/>
500 ## - GENERAL NOTE
General note 72
520 ## - SUMMARY, ETC.
Summary, etc. La désoccidentalisation des savoirs, Thomas Brisson; Mémoires. Tome V, Saïd Sadi; L’intrus suivi de Intrusions. Edition augmentée, Jean-Luc Nancy; Yann dans la nuit, Julie Brafman; Fractures dans l’Occident, Nicole Gnesoto; Jean-Louis Chrétien. Un filosofo cristiano, Giuseppe Vailati; Ses vies d’Afrique, François-David Sebbah.
786 0# - DATA SOURCE ENTRY
Note Esprit | Mars | 3 | 2026-03-02 | p. 169-171 | 0014-0759
856 41 - ELECTRONIC LOCATION AND ACCESS
Uniform Resource Identifier <a href="https://shs.cairn.info/revue-esprit-2026-3-page-169?lang=fr&redirect-ssocas=7080">https://shs.cairn.info/revue-esprit-2026-3-page-169?lang=fr&redirect-ssocas=7080</a>

Pas d'exemplaire disponible.

PLUDOC

PLUDOC est la plateforme unique et centralisée de gestion des bibliothèques physiques et numériques de Guinée administré par le CEDUST. Elle est la plus grande base de données de ressources documentaires pour les Étudiants, Enseignants chercheurs et Chercheurs de Guinée.

Adresse

627 919 101/664 919 101

25 boulevard du commerce
Kaloum, Conakry, Guinée

Réseaux sociaux

Powered by Netsen Group @ 2025